| 000 | 00769nam a22002417a 4500 | ||
|---|---|---|---|
| 999 |
_c15241 _d15241 |
||
| 003 | MIRAKIL | ||
| 005 | 20230517151921.0 | ||
| 008 | 230517b tu ||||| |||| 00| 0 tur d | ||
| 020 | _a9786257266765 | ||
| 040 |
_aTR-AnCHP _cTR-AnCHP |
||
| 041 | _atur | ||
| 082 |
_a956.1023 _bİ63b 2021 |
||
| 100 | 1 | _aİrgil, Ceyhun | |
| 245 | 1 | 0 |
_aBabalar ve çocuklar : _bgenç Cumhuriyet'in vicdan serüveni / _cCeyhun İrgil |
| 246 | _agenç Cumhuriyet'in vicdan serüveni | ||
| 260 |
_aİstanbul : _bSia Kitap, _c2021. |
||
| 300 |
_a230 s.: _bfotg.; _c21 sm. |
||
| 490 | 0 |
_aSia Kitap ; _aTarih ; _v 144 _v2. |
|
| 504 | _aKaynakça vardır. | ||
| 650 | 0 |
_96187 _aKurtuluş savaşı _xtarih _y1919-1922 |
|
| 740 | _agenç Cumhuriyet'in vicdan serüveni | ||
| 942 |
_2ddc _cBKS |
||